Caldo de pollo para el alma : 89 historias para abrir el corazón y sanar el espíritu /

Gespeichert in:
Bibliographische Detailangaben
1. Verfasser: Canfield, Jack (autor)
Weitere Verfasser: Hansen, Mark Victor (autor) (autor), Lecuona, Laura (traducción) (traducción)
Format: Buch
Sprache:Spanisch
Veröffentlicht: México : Diana : Edivisión, 1997, c1996
Schlagworte:
Tags: Tag hinzufügen
Keine Tags, Fügen Sie das erste Tag hinzu!

MARC

LEADER 00000nam^a2200000^a^4500
001 000339453
005 20250521000000.0
009 20260310114427.145
020 |a 968-890-159-8 
037 |a Acervo ITESO - Biblioteca 
041 |a ESP 
082 |a 158. 1  |b CAN 
100 |a Canfield, Jack  |e (autor) 
245 1 0 |a Caldo de pollo para el alma :  |b 89 historias para abrir el corazón y sanar el espíritu /  |c J. Canfield, M.V. Hansen ; tr. por L. Lecuona. 
264 4 |a México :  |b Diana :  |b Edivisión,  |c 1997, c1996 
300 |a XIV, 268 p. 
336 |a texto  |b txt  |2 rdacontenido 
337 |a sin mediación  |b n  |2 rdamedio 
338 |a volumen  |b nc  |2 rdasoporte 
500 |a Traducción de: Chicken Soup for the Soul 
649 |a XX 
650 |a Vida Cotidiana -  |x Anécdotas y Chistes 
650 |a Bienestar 
650 |a Desarrollo Humano 
650 |a Superación Personal y Autoayuda -  |x Anécdotas y Chistes -  |x Tema Principal 
650 |a Psicología 
700 |a Hansen, Mark Victor  |e (autor) 
700 |a Lecuona, Laura  |e (traducción) 
910 |a Fondo General 
920 |a Impresos - Libros 
930 |a Colección General 
905 |a 101 
901 |a 0500229642  |b IT1  |c ACC  |i D62533  |u 20250521 
902 |a https://opac.biblio.iteso.mx/vufind/Record/000339453